Identification of a DNA marker associated with dwarf trait in Hevea brasiliensis (Muell.) Arg. through random amplified polymorphic DNA analysis (Record no. 60603)

MARC details
000 -LEADER
fixed length control field 00772nam a2200217Ia 4500
100 ## - MAIN ENTRY--AUTHOR NAME
Personal name Venkatachalam P
245 #0 - TITLE STATEMENT
Title Identification of a DNA marker associated with dwarf trait in Hevea brasiliensis (Muell.) Arg. through random amplified polymorphic DNA analysis
260 ## - PUBLICATION, DISTRIBUTION, ETC. (IMPRINT)
Name of publisher Biotechnology and Rubber Tree : Proceedings of IRRDB Symposium 25-28 September 2001. CIRAD-CP/Rubber Programme, Montpellier, France
650 ## - SUBJECT ADDED ENTRY--TOPICAL TERM
Topical Term DNA markers
650 ## - SUBJECT ADDED ENTRY--TOPICAL TERM
Topical Term Dwarf variant
650 ## - SUBJECT ADDED ENTRY--TOPICAL TERM
Topical Term Hevea brasiliensis
650 ## - SUBJECT ADDED ENTRY--TOPICAL TERM
Topical Term Hybrid progenies
650 ## - SUBJECT ADDED ENTRY--TOPICAL TERM
Topical Term RAPD analysis
650 ## - SUBJECT ADDED ENTRY--TOPICAL TERM
Topical Term Rubber tree
700 ## - ADDED ENTRY--PERSONAL NAME
Personal name Priya P
700 ## - ADDED ENTRY--PERSONAL NAME
Personal name Sailasree R
700 ## - ADDED ENTRY--PERSONAL NAME
Personal name Saraswathyamma C K
700 ## - ADDED ENTRY--PERSONAL NAME
Personal name Thulaseedharan A
942 ## - ADDED ENTRY ELEMENTS (KOHA)
Koha item type Journals
Holdings
Withdrawn status Lost status Damaged status Not for loan Home library Current library Shelving location Date acquired Koha item type
      Journals RRII Library RRII Library Biotechnology 01/01/2021 Journals